[Event "Barbera op"]
[Site "Barbera del Valles"]
[Date "2013.07.08"]
[Round "5"]
[White "Ruiz Aguilar, PA."]
[Black "Dalo, H."]
[Result "0-1"]
[WhiteElo "2307"]
[BlackElo "2148"]
[PlyCount "144"]
[EventDate "2013.??.??"]
[EventType "swiss"]
[EventRounds "9"]

1. e4 c5 2. Nf3 d6 3. d4 cxd4 4. Nxd4 Nf6 5. Nc3 e6 6. Be2 a6 7. O-O Be7 8. Kh1
O-O 9. f4 Qc7 10. Be3 b5 11. Bf3 Bb7 12. e5 dxe5 13. fxe5 Nfd7 14. Bf4 Nc6 15.
Bxc6 Bxc6 16. Qg4 Kh8 17. Rae1 b4 18. Nce2 Bb5 19. Rf3 Bxe2 20. Rxe2 Rg8 21.
Qh5 Qc4 22. Be3 Bc5 23. Rd2 Qxa2 24. b3 Qb2 25. Rd3 Nf8 26. Rxf7 Rd8 27. Qd1
Ng6 28. Bc1 Qa1 29. Nxe6 Rxd3 30. cxd3 Qxe5 31. Nxc5 Qxc5 32. Bb2 Qd5 33. Rf2
Rd8 34. d4 Re8 35. h3 Re3 36. Rf3 Rxf3 37. Qxf3 Qxf3 38. gxf3 Nf4 39. Bc1 Nd5
40. Kg2 Kg8 41. Kf2 Kf7 42. Ke2 Ke6 43. Kd3 Nb6 44. Bf4 Kd5 45. Bc7 Nd7 46. Ba5
Nf8 47. Bxb4 Ne6 48. Bc3 Nf4+ 49. Ke3 Nxh3 50. f4 g5 51. f5 g4 52. f6 Ke6 53.
d5+ Kf7 54. Bd4 Ng5 55. Kf4 Nf3 56. Bc3 h5 57. Kg3 Ng5 58. Kf4 Nh7 59. Kf5 Nf8
60. Kg5 Nd7 61. d6 g3 62. Kxh5 Nxf6+ 63. Kh4 Ne4 64. Kh3 Nxc3 65. Kxg3 Ke6 66.
d7 Kxd7 67. Kf4 Kc6 68. Ke3 Kb5 69. Kd3 Kb4 70. Kc2 a5 71. Kb2 Nb5 72. Ka2 Nd4
0-1

[Event "Barbera op"]
[Site "Barbera del Valles"]
[Date "2013.07.08"]
[Round "5"]
[White "Thakur, A."]
[Black "Sachdev, T."]
[Result "1/2-1/2"]
[WhiteElo "2234"]
[BlackElo "2430"]
[PlyCount "65"]
[EventDate "2013.??.??"]
[EventType "swiss"]
[EventRounds "9"]

1. d4 Nf6 2. Nc3 d5 3. Bg5 g6 4. Bxf6 exf6 5. e3 Bg7 6. Bd3 c6 7. Nf3 Nd7 8.
O-O f5 9. Ne2 O-O 10. Nd2 c5 11. c3 b6 12. Nf4 Bb7 13. Bc2 Nf6 14. a4 Qc7 15.
a5 Rac8 16. g3 Rfd8 17. Qe2 Ne4 18. axb6 axb6 19. Ba4 Ra8 20. Bb5 c4 21. Nxe4
fxe4 22. b3 cxb3 23. Qb2 Rdc8 24. Rxa8 Rxa8 25. Qxb3 Qd6 26. c4 Ra3 27. Qb2
dxc4 28. Bxc4 Bh6 29. Rb1 Bxf4 30. gxf4 Ba6 31. Bxa6 Rxa6 32. Qb5 Ra8 33. Qxb6
1/2-1/2

[Event "Barbera op"]
[Site "Barbera del Valles"]
[Date "2013.07.08"]
[Round "5"]
[White "Van Riemsdijk, HC."]
[Black "Jordan Arenas, M."]
[Result "1-0"]
[WhiteElo "2367"]
[BlackElo "2153"]
[PlyCount "101"]
[EventDate "2013.??.??"]
[EventType "swiss"]
[EventRounds "9"]

1. e4 e5 2. Nf3 Nc6 3. Bb5 a6 4. Ba4 Nf6 5. O-O Be7 6. Re1 b5 7. Bb3 d6 8. c3
O-O 9. d4 Bg4 10. Be3 exd4 11. cxd4 Na5 12. Bc2 Nc4 13. Bc1 c5 14. b3 Na5 15.
d5 Nd7 16. Nbd2 Bf6 17. Rb1 Bh5 18. h3 Re8 19. g4 Bg6 20. Nf1 Ne5 21. N3h2 Nd7
22. f4 h6 23. Nf3 Rc8 24. Ng3 Nb7 25. Bd2 Na5 26. Be3 Nb7 27. Re2 Qa5 28. h4
Qxa2 29. h5 Bh7 30. e5 Bxc2 31. Rxc2 Qa5 32. Bd2 Qb6 33. exf6 Nxf6 34. Nh4 Nxd5
35. Nhf5 c4+ 36. Kg2 c3 37. Qf3 cxd2 38. Rxc8 Rxc8 39. Rd1 Rc1 40. Rxd2 Nc7 41.
Ne2 Rc5 42. Ned4 d5 43. g5 hxg5 44. fxg5 Nd6 45. Ne7+ Kf8 46. h6 gxh6 47. Qf6
Nc8 48. Ng6+ Ke8 49. Qh8+ Kd7 50. Ne5+ Kd6 51. Nf5+ 1-0

[Event "Barbera op"]
[Site "Barbera del Valles"]
[Date "2013.07.08"]
[Round "5"]
[White "Ventura Bolet, M."]
[Black "Gomez Jurado, LA."]
[Result "0-1"]
[WhiteElo "2045"]
[BlackElo "2273"]
[PlyCount "60"]
[EventDate "2013.??.??"]
[EventType "swiss"]
[EventRounds "9"]

1. c4 Nf6 2. g3 g6 3. Bg2 Bg7 4. Nc3 O-O 5. d4 d6 6. Nf3 c6 7. O-O Qa5 8. h3 e5
9. e4 Nbd7 10. Re1 exd4 11. Nxd4 Ne5 12. Bf1 Be6 13. Nxe6 fxe6 14. Be3 Rad8 15.
f4 Nf7 16. Qc2 e5 17. Rad1 Nh5 18. Qf2 exf4 19. gxf4 Bh6 20. Qh4 Bg7 21. Be2
Bf6 22. Qf2 Ng5 23. Qg2 Bxc3 24. bxc3 Nxf4 25. Qg4 h5 26. Qg3 Qe5 27. Kh1 h4
28. Bxf4 Rxf4 29. Qg2 Rxe4 30. Rd2 Re3 0-1

[Event "Barbera op"]
[Site "Barbera del Valles"]
[Date "2013.07.09"]
[Round "6"]
[White "Asis Gargatagli, H."]
[Black "Aloma Vidal, R."]
[Result "0-1"]
[WhiteElo "2487"]
[BlackElo "2421"]
[PlyCount "90"]
[EventDate "2013.??.??"]
[EventType "swiss"]
[EventRounds "9"]

1. e4 e5 2. Nf3 Nc6 3. Bb5 a6 4. Ba4 Nf6 5. O-O b5 6. Bb3 Bc5 7. a4 Bb7 8. d3
d6 9. c3 h6 10. Nh4 Ne7 11. Qf3 Bc8 12. d4 exd4 13. e5 Bg4 14. Qg3 dxe5 15. f3
dxc3+ 16. Kh1 Qd3 17. Re1 cxb2 18. Bxb2 Qxb3 19. Bxe5 Bd6 20. Bxd6 cxd6 21. Ra3
Qb4 22. fxg4 Ne4 23. Qe3 d5 24. axb5 O-O 25. bxa6 Rfe8 26. Rb3 Qd6 27. Ra3 Rxa6
28. Rxa6 Qxa6 29. Nc3 Qf6 30. Nxe4 dxe4 31. g3 Nd5 32. Qc5 Qe5 33. Nf5 e3 34.
Kg1 e2 35. Qd4 Nc3 36. Kf2 Nd1+ 37. Kf3 h5 38. Qxe5 Rxe5 39. Kf4 f6 40. Nd4 Nc3
41. Kf3 hxg4+ 42. Kf2 Kf7 43. Rc1 Re4 44. Ke1 Rxd4 45. Rxc3 Re4 0-1

[Event "Barbera op"]
[Site "Barbera del Valles"]
[Date "2013.07.09"]
[Round "6"]
[White "Bijlsma, N."]
[Black "Van Riemsdijk, HC."]
[Result "1-0"]
[WhiteElo "2166"]
[BlackElo "2367"]
[PlyCount "71"]
[EventDate "2013.??.??"]
[EventType "swiss"]
[EventRounds "9"]

1. e4 e5 2. Nf3 Nc6 3. Bb5 a6 4. Ba4 Nf6 5. Qe2 d6 6. c3 Bd7 7. O-O g6 8. d4
Qe7 9. d5 Nd8 10. Bxd7+ Nxd7 11. c4 Bg7 12. Nc3 O-O 13. Rb1 f6 14. b4 Nf7 15.
Ne1 f5 16. Nd3 Bh6 17. c5 Bxc1 18. Rfxc1 Nf6 19. f3 fxe4 20. fxe4 Nh5 21. Qe3
g5 22. b5 Nf4 23. b6 Nxd3 24. Qxd3 dxc5 25. Na4 cxb6 26. Rxb6 Rac8 27. Re6 Qd8
28. Nxc5 Qa5 29. Qe3 b6 30. Nd7 Rxc1+ 31. Qxc1 Rd8 32. Nxe5 Qc5+ 33. Qxc5 bxc5
34. Nc6 Ra8 35. Kf2 a5 36. Ke3 1-0

[Event "Barbera op"]
[Site "Barbera del Valles"]
[Date "2013.07.09"]
[Round "6"]
[White "Cabrera, A."]
[Black "Cruz Sanchez, C."]
[Result "0-1"]
[WhiteElo "2525"]
[BlackElo "2499"]
[PlyCount "66"]
[EventDate "2013.??.??"]
[EventType "swiss"]
[EventRounds "9"]

1. d4 e6 2. c4 Nf6 3. Nc3 Bb4 4. Qc2 Nc6 5. Nf3 d6 6. Bd2 O-O 7. a3 Bxc3 8.
Bxc3 Re8 9. e3 e5 10. d5 Ne7 11. e4 a5 12. b3 Nh5 13. Nd2 f5 14. g3 Nf6 15. Bd3
c6 16. O-O fxe4 17. Nxe4 cxd5 18. Nxf6+ gxf6 19. cxd5 Bh3 20. Rfe1 Kg7 21. Qe2
Rh8 22. Qh5 Qd7 23. Bd2 Bf5 24. Bh6+ Kg8 25. Re4 Bg6 26. Rg4 Kf7 27. Qh3 Bxd3
28. Rg7+ Ke8 29. Qh4 Qf5 30. g4 Qf3 31. g5 Be4 32. Kf1 Nf5 33. gxf6 Nxh4 0-1

[Event "Barbera op"]
[Site "Barbera del Valles"]
[Date "2013.07.09"]
[Round "6"]
[White "Cruz Lledo, P."]
[Black "Prasca Sosa, R."]
[Result "1/2-1/2"]
[WhiteElo "2258"]
[BlackElo "2426"]
[PlyCount "136"]
[EventDate "2013.??.??"]
[EventType "swiss"]
[EventRounds "9"]

1. d4 d5 2. c4 c6 3. Nf3 Nf6 4. Nc3 g6 5. cxd5 cxd5 6. Bf4 Bg7 7. e3 O-O 8. Be2
a6 9. O-O Nc6 10. Ne5 Be6 11. Nxc6 bxc6 12. Rc1 Bd7 13. Na4 Ne4 14. f3 Nd6 15.
Nc5 Bc8 16. Qa4 Nb5 17. Nb3 Bd7 18. Qa5 f6 19. a4 Nd6 20. Qxd8 Rfxd8 21. Nc5
Bc8 22. Nd3 Nc4 23. b3 Nd2 24. Rfd1 Nxb3 25. Rc3 c5 26. dxc5 e5 27. Rxb3 exf4
28. Nxf4 Bd7 29. Rxd5 Bxa4 30. Ra3 Bb5 31. Bxb5 axb5 32. Rxd8+ Rxd8 33. Rb3 g5
34. Ne6 Rb8 35. Kf2 Bf8 36. f4 gxf4 37. exf4 Kf7 38. Nxf8 Kxf8 39. Ke3 Ke7 40.
Kd4 Kd7 41. Kd5 Kc7 42. f5 Re8 43. Rxb5 Re5+ 44. Kd4 Rxf5 45. Rb2 Kc6 46. Rb6+
Kc7 47. Ra6 h5 48. g3 Rf2 49. Ke3 Rxh2 50. Rxf6 h4 51. g4 Rc2 52. Rf5 h3 53.
Rh5 h2 54. Kf4 Kd7 55. Kg3 Rxc5 56. Rxh2 Ke7 57. Rf2 Rc8 58. Kh4 Rh8+ 59. Kg5
Rg8+ 60. Kh4 Rh8+ 61. Kg3 Rh7 62. g5 Rf7 63. Ra2 Kf8 64. Kg4 Kg7 65. Kh5 Rc7
66. Ra6 Rb7 67. Rg6+ Kh7 68. Re6 Kg7 1/2-1/2

[Event "Barbera op"]
[Site "Barbera del Valles"]
[Date "2013.07.09"]
[Round "6"]
[White "Fluvia Poyatos, Jordi"]
[Black "Abhishek, K."]
[Result "0-1"]
[WhiteElo "2445"]
[BlackElo "2274"]
[PlyCount "68"]
[EventDate "2013.??.??"]
[EventType "swiss"]
[EventRounds "9"]

1. e4 e5 2. Nf3 Nc6 3. d4 exd4 4. Nxd4 Bb4+ 5. c3 Bc5 6. Be3 Bb6 7. Nd2 Nge7 8.
Bd3 O-O 9. Qc2 Ne5 10. Be2 d5 11. O-O-O Ng4 12. Bxg4 Bxg4 13. f3 Bd7 14. Rhe1
c5 15. N4b3 d4 16. Bf2 Bb5 17. c4 Ba4 18. e5 Nc6 19. Qf5 Ne7 20. Qh5 Qd7 21. g4
a5 22. Ne4 Qe6 23. f4 Ng6 24. f5 Qxc4+ 25. Kb1 Bxb3 26. axb3 Qxb3 27. fxg6 fxg6
28. Qg5 a4 29. Qc1 a3 30. Re2 axb2 31. Rxb2 Qa4 32. Nd6 Qa1+ 33. Kc2 Rxf2+ 34.
Rd2 d3+ 0-1

[Event "Barbera op"]
[Site "Barbera del Valles"]
[Date "2013.07.09"]
[Round "6"]
[White "Gagare, S."]
[Black "Hayrapetyan, H."]
[Result "1/2-1/2"]
[WhiteElo "2419"]
[BlackElo "2486"]
[PlyCount "24"]
[EventDate "2013.??.??"]
[EventType "swiss"]
[EventRounds "9"]

1. c4 Nf6 2. g3 c6 3. Bg2 d5 4. Nf3 Bg4 5. Ne5 Bf5 6. cxd5 cxd5 7. Qa4+ Bd7 8.
Nxd7 Qxd7 9. Qxd7+ Nbxd7 10. Nc3 e6 11. O-O Bd6 12. d4 O-O 1/2-1/2

[Event "Barbera op"]
[Site "Barbera del Valles"]
[Date "2013.07.09"]
[Round "6"]
[White "Gomez Jurado, LA."]
[Black "Valdes Romero, L."]
[Result "1/2-1/2"]
[WhiteElo "2273"]
[BlackElo "2444"]
[PlyCount "80"]
[EventDate "2013.??.??"]
[EventType "swiss"]
[EventRounds "9"]

1. c4 Nf6 2. g3 g6 3. Bg2 Bg7 4. Nc3 O-O 5. e4 d6 6. Nge2 e5 7. O-O Be6 8. d3
c6 9. h3 Qd7 10. Kh2 Na6 11. f4 h5 12. Be3 Nc7 13. Qd2 Nh7 14. b3 d5 15. fxe5
dxc4 16. bxc4 Rfd8 17. Rad1 h4 18. Bg5 hxg3+ 19. Nxg3 Nxg5 20. Qxg5 Qd4 21.
Nce2 Qxe5 22. Qe3 Qa5 23. Nf4 Qxa2 24. e5 Qa3 25. Rb1 Rab8 26. Rbe1 Qc3 27. h4
Bg4 28. h5 gxh5 29. Ngxh5 Bxh5 30. Nxh5 Qxd3 31. Bh3 Qd2+ 32. Re2 Qxe3 33. Rxe3
Rd2+ 34. Kh1 Ne8 35. Rg3 Kh8 36. Nxg7 Nxg7 37. Rxf7 Rg8 38. Bf5 Rd1+ 39. Kh2
Rd2+ 40. Kh1 Rd1+ 1/2-1/2

[Event "Barbera op"]
[Site "Barbera del Valles"]
[Date "2013.07.09"]
[Round "6"]
[White "Gonzalez Fuente, C."]
[Black "Grigoryan, KH."]
[Result "0-1"]
[WhiteElo "2269"]
[BlackElo "2550"]
[PlyCount "88"]
[EventDate "2013.??.??"]
[EventType "swiss"]
[EventRounds "9"]

1. d4 Nf6 2. Nf3 g6 3. c4 Bg7 4. Nc3 d5 5. Qb3 dxc4 6. Qxc4 O-O 7. e4 Nfd7 8.
Be3 Nb6 9. Qb3 Bg4 10. Rd1 Nc6 11. d5 Ne5 12. Be2 Nxf3+ 13. gxf3 Bh3 14. Rg1
Qb8 15. f4 c6 16. dxc6 bxc6 17. Rg3 Be6 18. Qb4 Nc4 19. Bc5 Qxb4 20. Bxb4 Nxb2
21. Rb1 c5 22. Rxb2 cxb4 23. Rxb4 Rab8 24. a3 Rfc8 25. Rxb8 Rxb8 26. Nb5 Bd7
27. a4 a6 28. Nc3 Rb3 29. Nd5 Rb1+ 30. Kd2 Rb2+ 31. Ke1 e6 32. Ne3 Rb6 33. a5
Bc3+ 34. Kf1 Bxa5 35. Nc4 Rb1+ 36. Kg2 Bc7 37. e5 Bc6+ 38. Bf3 Bb5 39. Nd2 Re1
40. h4 a5 41. h5 a4 42. Ne4 Bd8 43. Nd6 Bf1+ 44. Kh2 Bh4 0-1

[Event "Barbera op"]
[Site "Barbera del Valles"]
[Date "2013.07.09"]
[Round "6"]
[White "Ivanov, S."]
[Black "Saptarshi, R."]
[Result "1-0"]
[WhiteElo "2555"]
[BlackElo "2447"]
[PlyCount "69"]
[EventDate "2013.??.??"]
[EventType "swiss"]
[EventRounds "9"]

1. d4 d5 2. c4 e6 3. Nc3 c6 4. e3 Bd6 5. Bd3 f5 6. Nge2 Nf6 7. f3 O-O 8. Qc2 b6
9. Bd2 Bb7 10. O-O Nbd7 11. cxd5 Nxd5 12. a3 Nxc3 13. bxc3 Qc7 14. h3 c5 15. c4
Rae8 16. Nc3 a6 17. Rab1 Qd8 18. d5 Ne5 19. Be2 Bc7 20. f4 Ng6 21. Bd3 Kh8 22.
a4 a5 23. Rbd1 Rf6 24. e4 Nh4 25. g3 Rg6 26. Be1 exd5 27. Nxd5 Bxd5 28. cxd5
Qe7 29. e5 Bxe5 30. fxe5 Qxe5 31. Kh2 Qd6 32. Qf2 c4 33. Bxc4 Re4 34. Bd3 Rxa4
35. Qc2 1-0

[Event "Barbera op"]
[Site "Barbera del Valles"]
[Date "2013.07.09"]
[Round "6"]
[White "Martynov, P."]
[Black "Narciso Dublan, M."]
[Result "0-1"]
[WhiteElo "2321"]
[BlackElo "2536"]
[PlyCount "104"]
[EventDate "2013.??.??"]
[EventType "swiss"]
[EventRounds "9"]

1. d4 Nf6 2. c4 e6 3. Nc3 Bb4 4. e3 O-O 5. Nge2 c6 6. a3 Ba5 7. Bd2 d5 8. Ng3
Nbd7 9. cxd5 exd5 10. Bd3 Re8 11. O-O Bc7 12. Rc1 Nb6 13. Rc2 Bxg3 14. hxg3 Bg4
15. f3 Bh5 16. g4 Bg6 17. Bxg6 fxg6 18. Bc1 g5 19. Qd3 Qd7 20. Re2 h6 21. b3
Rad8 22. a4 Na8 23. Bd2 Nc7 24. Be1 Qd6 25. Bf2 Ne6 26. Rc2 Nf8 27. Ne2 N8d7
28. Ng3 Qe6 29. Rfc1 a6 30. Qc3 Ra8 31. Qb4 Ra7 32. Nf1 h5 33. gxh5 g4 34. Ng3
Kf7 35. e4 Rh8 36. exd5 Nxd5 37. Qd2 gxf3 38. gxf3 N7f6 39. Qg5 Nh7 40. Qh4 Qf6
41. Qg4 Ng5 42. Ne4 Nxe4 43. fxe4 Nb4 44. Rc5 Kg8 45. Rf5 Qh6 46. Rc3 Ra8 47.
Rg3 Rh7 48. e5 Nd5 49. Rg5 Rf8 50. Rg6 Qc1+ 51. Kg2 Nf4+ 52. Kh2 Rxh5+ 0-1

[Event "Barbera op"]
[Site "Barbera del Valles"]
[Date "2013.07.09"]
[Round "6"]
[White "Perez Mitjans, O."]
[Black "Rishi, S."]
[Result "1-0"]
[WhiteElo "2495"]
[BlackElo "2316"]
[PlyCount "87"]
[EventDate "2013.??.??"]
[EventType "swiss"]
[EventRounds "9"]

1. e4 c5 2. Nf3 d6 3. d4 cxd4 4. Qxd4 a6 5. Be3 Nc6 6. Qd2 Nf6 7. Nc3 e6 8. h3
Be7 9. Nd4 Qc7 10. g4 Nd7 11. O-O-O O-O 12. g5 Nxd4 13. Qxd4 b5 14. h4 Ne5 15.
f4 Nc6 16. Qd2 Bb7 17. h5 Rac8 18. g6 Bf6 19. gxf7+ Qxf7 20. Bh3 Rfd8 21. Bb6
Bxc3 22. bxc3 Rd7 23. h6 g6 24. Qe3 Ne7 25. Kb1 Rc4 26. Rd4 Rxd4 27. Bxd4 Nc6
28. Bg7 b4 29. cxb4 Nxb4 30. Bb2 Kf8 31. Qd4 a5 32. a3 e5 33. fxe5 Qa2+ 34. Kc1
Nxc2 35. Rf1+ Kg8 36. Qf2 Rf7 37. Qxf7+ Qxf7 38. Rxf7 Kxf7 39. e6+ Ke7 40. Kxc2
Bxe4+ 41. Kb3 Bd5+ 42. Ka4 Bxe6 43. Bxe6 Kxe6 44. Kxa5 1-0

[Event "Barbera op"]
[Site "Barbera del Valles"]
[Date "2013.07.09"]
[Round "6"]
[White "Vassallo Barroche, M."]
[Black "Laxman, RR."]
[Result "1/2-1/2"]
[WhiteElo "2434"]
[BlackElo "2401"]
[PlyCount "97"]
[EventDate "2013.??.??"]
[EventType "swiss"]
[EventRounds "9"]

1. Nf3 Nf6 2. c4 e6 3. g3 d5 4. Bg2 c6 5. Qc2 Nbd7 6. O-O b6 7. b3 Bb7 8. Bb2
Rc8 9. Nc3 Be7 10. d4 c5 11. cxd5 Nxd5 12. Nxd5 Bxd5 13. e4 cxd4 14. Qe2 Bb7
15. Nxd4 O-O 16. Rfd1 a6 17. Bh3 Rc7 18. Nxe6 fxe6 19. Bxe6+ Kh8 20. Bxd7 Bc5
21. Bf5 Qe8 22. Rd2 Kg8 23. Qg4 Re7 24. Be6+ Kh8 25. Rf1 h5 26. Qg5 Bxe4 27.
Bc4 Bh7 28. Bd3 Bxd3 29. Rxd3 Qf7 30. Bd4 Qf5 31. Qxf5 Rxf5 32. Bxc5 Rxc5 33.
Rf3 Re2 34. a4 b5 35. axb5 Rxb5 36. Rd1 Re7 37. h4 Kh7 38. Kg2 Reb7 39. Rdd3 a5
40. Rc3 g6 41. Rfe3 Rb4 42. Rc5 Rxb3 43. Rxa5 Rb2 44. Rf3 Kg7 45. Ra6 Rf7 46.
Rxf7+ Kxf7 47. Kf3 Rb4 48. Ke3 Rc4 49. Rb6 1/2-1/2

[Event "Barbera op"]
[Site "Barbera del Valles"]
[Date "2013.07.10"]
[Round "7"]
[White "Abhishek, K."]
[Black "Satyapragyan, S."]
[Result "1/2-1/2"]
[WhiteElo "2274"]
[BlackElo "2464"]
[PlyCount "62"]
[EventDate "2013.??.??"]
[EventType "swiss"]
[EventRounds "9"]

1. e4 e6 2. d4 d5 3. e5 c5 4. c3 Nc6 5. Nf3 Nh6 6. a3 f6 7. exf6 Qxf6 8. Bg5
Qg6 9. Bd3 Qh5 10. h3 Bd6 11. Nbd2 cxd4 12. cxd4 Qf7 13. Be3 Nf5 14. Qb3 Qf8
15. Bxf5 Qxf5 16. O-O b6 17. Rac1 Bd7 18. Rfe1 O-O 19. Qc2 Qh5 20. b4 Rf6 21.
b5 Na5 22. a4 Rg6 23. Ne5 Bxe5 24. dxe5 Rf8 25. Bd4 Qg5 26. g3 Qh4 27. Qxg6
Qxd4 28. Qg5 Nb3 29. Nxb3 Qxf2+ 30. Kh1 Qf3+ 31. Kh2 Qf2+ 1/2-1/2

[Event "Barbera op"]
[Site "Barbera del Valles"]
[Date "2013.07.10"]
[Round "7"]
[White "Aloma Vidal, R."]
[Black "Perez Mitjans, O."]
[Result "1-0"]
[WhiteElo "2421"]
[BlackElo "2495"]
[PlyCount "147"]
[EventDate "2013.??.??"]
[EventType "swiss"]
[EventRounds "9"]

1. d4 d5 2. Bf4 Nf6 3. e3 Bf5 4. c4 Nc6 5. Nf3 e6 6. c5 Ne7 7. Ne5 c6 8. Nc3
Ng6 9. Bd3 Bxd3 10. Qxd3 Nxe5 11. Bxe5 Ng4 12. Bg3 h5 13. h3 Nh6 14. b4 Nf5 15.
Bh2 Qg5 16. Rg1 Be7 17. b5 O-O 18. bxc6 bxc6 19. g4 hxg4 20. hxg4 Nh4 21. O-O-O
Nf3 22. Rh1 Qg6 23. Bg3 e5 24. Rh5 Qxd3 25. Rxd3 g6 26. Rh1 f6 27. Nb1 Rab8 28.
Ra3 Rb7 29. Nd2 Ng5 30. Ra6 exd4 31. exd4 Rc8 32. Re1 Kf7 33. Nb3 Bd8 34. Bh4
Ne6 35. Bg3 Rd7 36. Kc2 f5 37. gxf5 gxf5 38. Be5 Bf6 39. Kc3 Bxe5 40. Rxe5 Kf6
41. Re3 f4 42. Rh3 Kg6 43. Na5 Rdc7 44. Kd3 Ng5 45. Rh4 Kf5 46. Rh6 Ne4 47. f3
Nf6 48. Kc3 Kg5 49. Rh3 Nh5 50. Rh1 Re7 51. Nxc6 Re3+ 52. Kb4 Rxf3 53. Ne5 Rb8+
54. Ka4 Rf2 55. Rg6+ Kf5 56. Rxh5+ Ke4 57. a3 Rf1 58. Nc6 Rf8 59. Rhh6 f3 60.
Rf6 Rxf6 61. Rxf6 f2 62. Nb4 Ke3 63. Kb5 Rd1 64. Nc2+ Ke2 65. c6 Rc1 66. Nb4
f1=Q 67. Rxf1 Rxf1 68. c7 Rf8 69. Nxd5 Kd3 70. Ne7 Kxd4 71. c8=Q Rxc8 72. Nxc8
a5 73. Kxa5 Kc5 74. Na7 1-0

[Event "Barbera op"]
[Site "Barbera del Valles"]
[Date "2013.07.10"]
[Round "7"]
[White "Bergez, L."]
[Black "Gomez Jurado, LA."]
[Result "1/2-1/2"]
[WhiteElo "2395"]
[BlackElo "2273"]
[PlyCount "82"]
[EventDate "2013.??.??"]
[EventType "swiss"]
[EventRounds "9"]

1. e4 c6 2. d4 d5 3. exd5 cxd5 4. Bd3 Nc6 5. c3 Qc7 6. h3 Nf6 7. Nf3 g6 8. O-O
Bg7 9. Re1 O-O 10. Na3 a6 11. Nc2 Bf5 12. Bf1 Be4 13. a3 Rad8 14. Nb4 Nxb4 15.
axb4 Bxf3 16. Qxf3 Ne4 17. Bd3 f5 18. Bf4 e5 19. Bxe5 Bxe5 20. dxe5 Qxe5 21.
Rad1 Kh8 22. Bc2 Rfe8 23. Qd3 Qg7 24. Bb3 Re7 25. Bxd5 Red7 26. Qc4 Qe5 27. f3
Nd2 28. Qd4 Qxd4+ 29. cxd4 Rxd5 30. Rxd2 Rxd4 31. Rxd4 Rxd4 32. Re8+ Kg7 33.
Re7+ Kh6 34. Rxb7 Rd2 35. b5 a5 36. Ra7 Rxb2 37. Rxa5 f4 38. Kh2 Kg5 39. Ra7 h5
40. Rb7 Kh4 41. Rb8 g5 1/2-1/2

[Event "Barbera op"]
[Site "Barbera del Valles"]
[Date "2013.07.10"]
[Round "7"]
[White "Capellades Subirana, M."]
[Black "Lorenzo de la Riva, L."]
[Result "0-1"]
[WhiteElo "2260"]
[BlackElo "2433"]
[PlyCount "80"]
[EventDate "2013.??.??"]
[EventType "swiss"]
[EventRounds "9"]

1. e4 e6 2. d4 d5 3. e5 c5 4. c3 Nc6 5. Nf3 Qb6 6. Bd3 cxd4 7. cxd4 Bd7 8. O-O
Nxd4 9. Nxd4 Qxd4 10. Re1 Qb6 11. Nc3 Bc5 12. Re2 Ne7 13. Na4 Bxa4 14. Qxa4+
Nc6 15. Qg4 g6 16. Bh6 Bf8 17. Bxf8 Rxf8 18. Rc1 O-O-O 19. Rc3 Kb8 20. Rb3 Qd4
21. Qg3 Rc8 22. h3 Na5 23. Rb5 Nc4 24. a3 Rc6 25. Rb4 a5 26. Rb3 Rfc8 27. Kh2
h5 28. Bxc4 Rxc4 29. Qf3 R8c7 30. g3 Qd1 31. Ree3 Qxf3 32. Rxf3 Re4 33. Rfe3
Rxe3 34. Rxe3 Kc8 35. Kg2 a4 36. Re2 Kd7 37. Kf3 Rc4 38. Kg2 Re4 39. Rxe4 dxe4
40. f4 Kc6 0-1

[Event "Barbera op"]
[Site "Barbera del Valles"]
[Date "2013.07.10"]
[Round "7"]
[White "Cruz Sanchez, C."]
[Black "Flores Rios, M."]
[Result "1/2-1/2"]
[WhiteElo "2499"]
[BlackElo "2492"]
[PlyCount "60"]
[EventDate "2013.??.??"]
[EventType "swiss"]
[EventRounds "9"]

1. d4 Nf6 2. c4 g6 3. g3 c6 4. Bg2 d5 5. cxd5 cxd5 6. Nc3 Bg7 7. Nf3 O-O 8. O-O
Ne4 9. Nd2 Nf6 10. Nf3 Ne4 11. Ne5 Nxc3 12. bxc3 Nc6 13. Nxc6 bxc6 14. Qa4 Qb6
15. Ba3 Qa6 16. Qxa6 Bxa6 17. Rfb1 Bxe2 18. Bxe7 Rfb8 19. Bd6 Rxb1+ 20. Rxb1
Bb5 21. Bxd5 Rd8 22. Ba3 Rxd5 23. c4 Bxc4 24. Rb8+ Bf8 25. Bxf8 Rb5 26. Ra8 h5
27. Bb4+ Kg7 28. a3 a6 29. f4 Rb7 30. Kf2 Kf6 1/2-1/2

[Event "Barbera op"]
[Site "Barbera del Valles"]
[Date "2013.07.10"]
[Round "7"]
[White "Escobar Forero, A."]
[Black "Navarrete Espi, S."]
[Result "1-0"]
[WhiteElo "2466"]
[BlackElo "2214"]
[PlyCount "65"]
[EventDate "2013.??.??"]
[EventType "swiss"]
[EventRounds "9"]

1. e4 e5 2. Nf3 Nc6 3. Bb5 a6 4. Ba4 Nf6 5. O-O Be7 6. Re1 b5 7. Bb3 O-O 8. d4
d6 9. c3 Bg4 10. d5 Na5 11. Bc2 c6 12. h3 Bc8 13. dxc6 Qc7 14. Nbd2 Qxc6 15.
Nf1 Nc4 16. Ng3 g6 17. b3 Nb6 18. Bh6 Rd8 19. Qd2 Ra7 20. Rac1 Rc7 21. Bb1 a5
22. Nf5 Bxf5 23. exf5 Qd5 24. Qe3 Qc5 25. Qe2 Nfd5 26. Bd2 a4 27. fxg6 hxg6 28.
Bd3 Qa3 29. Bxb5 axb3 30. axb3 Qxb3 31. c4 Nf6 32. Ba6 Rb8 33. Rc3 1-0

[Event "Barbera op"]
[Site "Barbera del Valles"]
[Date "2013.07.10"]
[Round "7"]
[White "Gonzalez Fuente, C."]
[Black "Lopez Martinez, JM."]
[Result "0-1"]
[WhiteElo "2269"]
[BlackElo "2547"]
[PlyCount "76"]
[EventDate "2013.??.??"]
[EventType "swiss"]
[EventRounds "9"]

1. d4 e6 2. Nf3 c5 3. c4 cxd4 4. Nxd4 a6 5. Nc3 Nf6 6. e4 Bb4 7. Bd3 Nc6 8.
Nxc6 dxc6 9. O-O e5 10. Bg5 h6 11. Bh4 Be6 12. Qc2 Be7 13. Rfd1 O-O 14. Rac1
Qa5 15. a3 Rfd8 16. Nb1 Rd4 17. b4 Qd8 18. f3 a5 19. Bf2 axb4 20. axb4 Bxb4 21.
Bxd4 Qxd4+ 22. Kh1 Nd7 23. Bf1 Qa7 24. Nd2 Qe3 25. Nb3 Ra3 26. Rd3 Qa7 27. Qd1
Nb6 28. Rd8+ Kh7 29. Re8 Na4 30. h4 Qb6 31. Ra1 Nc3 32. Qc1 Rxa1 33. Qxa1 Qf2
34. h5 Qh4+ 35. Kg1 Qxh5 36. Qa8 Nd1 37. Rd8 Be1 38. Rxd1 Bg3 0-1

[Event "Barbera op"]
[Site "Barbera del Valles"]
[Date "2013.07.10"]
[Round "7"]
[White "Grigoryan, KH."]
[Black "Perpinya Rofes, LM."]
[Result "1-0"]
[WhiteElo "2550"]
[BlackElo "2400"]
[PlyCount "107"]
[EventDate "2013.??.??"]
[EventType "swiss"]
[EventRounds "9"]

1. d4 Nf6 2. c4 g6 3. Nc3 Bg7 4. e4 d6 5. Nf3 O-O 6. Be2 c5 7. O-O Re8 8. Be3
Ng4 9. Bg5 h6 10. Bh4 cxd4 11. Nxd4 Bxd4 12. Qxd4 e5 13. Bxd8 exd4 14. Nd5 Rxd8
15. Nc7 Nf6 16. Nxa8 Ne8 17. Rad1 Nc6 18. b4 Nxb4 19. Rxd4 Nc6 20. Rd2 Be6 21.
c5 Rxa8 22. cxd6 Rd8 23. Rfd1 f5 24. exf5 gxf5 25. f4 Nf6 26. Bf3 Rd7 27. Rc1
Na5 28. Rc7 b5 29. h3 Nc4 30. Rd4 Kf8 31. Rc8+ Kf7 32. Rc6 Kf8 33. Rc8+ Kg7 34.
Ra8 Rxd6 35. Rxa7+ Bf7 36. Rxd6 Nxd6 37. Kf2 Nfe4+ 38. Ke3 b4 39. Bd1 Kf6 40.
g4 Nc3 41. Bb3 Bxb3 42. axb3 Nd5+ 43. Kf3 Nb5 44. Ra6+ Kg7 45. gxf5 Nf6 46. Ke3
Nc3 47. Kd4 Ne2+ 48. Ke5 Nd7+ 49. Kd6 Nf6 50. Ra7+ Kg8 51. Ke6 Nh5 52. Ra8+ Kg7
53. f6+ Kg6 54. f5+ 1-0

[Event "Barbera op"]
[Site "Barbera del Valles"]
[Date "2013.07.10"]
[Round "7"]
[White "Hayrapetyan, H."]
[Black "Ivanov, S."]
[Result "1/2-1/2"]
[WhiteElo "2486"]
[BlackElo "2555"]
[PlyCount "59"]
[EventDate "2013.??.??"]
[EventType "swiss"]
[EventRounds "9"]

1. d4 Nf6 2. Nf3 d5 3. c4 e6 4. Bg5 dxc4 5. Qa4+ Nbd7 6. Qxc4 a6 7. Qc2 c5 8.
dxc5 Bxc5 9. Nbd2 b5 10. a4 Bb7 11. axb5 axb5 12. Rxa8 Qxa8 13. e3 Qa1+ 14. Qb1
Qa5 15. Bd3 Bb4 16. Ke2 Bxd2 17. Nxd2 Bxg2 18. Rg1 Bd5 19. b4 Qa6 20. Qa1 Qxa1
21. Rxa1 O-O 22. Bxb5 Rb8 23. Bxd7 Nxd7 24. Be7 f6 25. Ra7 Ne5 26. Bd6 Rb6 27.
Bc5 Rb8 28. Bd6 Rb6 29. Bc5 Rb8 30. Bd6 1/2-1/2